| 000 | 01249nem0a2200325 4500 | ||
|---|---|---|---|
| 001 | RU\NLR\BIBL_A\012094665 | ||
| 005 | 20191205150315.0 | ||
| 010 |
_a978-5-465-03738-9 _912 000 экз. |
||
| 021 |
_aRU _bКН-П-19-054421 _9КН-П-19-3914 |
||
| 035 | _a(NLR Aleph) 012094665 | ||
| 035 | _a(RuMoRGB)010046816 | ||
| 090 |
_a11872719 _c11872719 |
||
| 100 | _a20190916d2019 u y0rusy50 ca | ||
| 101 | 0 | _arus | |
| 102 | _aRU | ||
| 120 | _abya xx|| | ||
| 123 | 0 | _aa | |
| 200 | 1 |
_aРоссия _bКарты _eТвой первый атлас : с наклейками _fРед.: А.С. Холтобина [и др.] |
|
| 206 | _aБ. м-ба | ||
| 210 |
_aМосква _cОмега _d2019 |
||
| 215 |
_a[16] с., [2] л. _cцв. ил., текст _d32х24 см |
||
| 509 | 0 | 1 |
_7ca _aМир _92633185 _3RU\NLR\auth_crt\551 |
| 606 | 1 |
_aДетская литература _jАтласы для детей _2rubbk |
|
| 607 |
_aРоссия _jАтласы для детей _91287576 _3RU\NLR\AUTH\66531811 |
||
| 608 |
_aИллюстрированные атласы _92313621 _3RU\NLR\AUTH\6601609963 |
||
| 702 | 1 |
_aХолтобина _bА. С. _4340 |
|
| 852 |
_aNLR _bК _j4-Союз 7/4895 _m89944 |
||
| 942 | _cMAP | ||
| 980 | _aNB | ||